00350nam a2200109Ia 4500008004100000020001800041082001800059100001800077245007100095260006100166300001300227231207s9999 xx 000 0 und d a9780070605633 a623.8223bSPU aSpurr, Daniel 0aYacht style: design and decor ideas from the world's finest yachts bInternational Marine/Ragged Mountain PressaCandenc1997 axi, 308p